000 00594nam a22001937a 4500
005 20251108164259.0
008 250721s1999 xx 000 0 ara d
082 1 4 _a330.1/عيس
100 1 _aالعيساوي، كاظم جاسم
245 1 0 _aالإقتصاد الجزئي /
264 1 _aعمان :
_bدار المستقبل للنشر و التوزيع،
_c1999.
300 _a244ص
650 1 7 _aالإقتصاد
650 1 7 _aالإقتصاد الجزئي
650 1 7 _aالدخل القومي
700 1 _aالوادي، محمود حسين
942 _2ddc
_cBK
999 _c8260
_d8260